000 00307nam a22001337a 4500
008 170623b xxu||||| |||| 00| 0 eng d
020 _a9780815728092
041 _aeng
080 _a32
100 _a21
101 _aSHP
245 _aCIVIC ENGAGEMENT IN AMERICAN DEMOCRACY
_cSKOCPOL,TH
942 _2udc
_cBK
999 _c19080
_d19080